A history of algebraic and differential topology, 1900-1960 /

Guardado en:
Autor Principal: Dieudonné, Jean Alexandre, 1906-
Formato: Libro
Idioma:English
Publicado: Boston : Birkhaüser, c1989.
Materias:
Etiquetas: Agregar Etiqueta
Sin Etiquetas, Sea el primero en etiquetar este registro!
LEADER 00775pam a2200217 a 4500
001 MAT.inmabb003885
008 880415s1989####maua#####b####001#0#eng##
005 20130218101930.0
245 1 2 |a A history of algebraic and differential topology, 1900-1960 /  |c Jean Dieudonné. 
260 |a Boston :  |b Birkhaüser,  |c c1989. 
300 |a xxi, 648 p. :  |b il. ;  |c 24 cm. 
504 |a Incluye referencias bibliográficas (p. [612]-632) e índices. 
510 4 |a MR,  |c 90g:01029 
020 |a 081763388X 
100 1 |a Dieudonné, Jean Alexandre,  |d 1906- 
650 0 |a Algebraic topology  |x History. 
650 0 |a Differential topology  |x History. 
084 |a 01A60 (55-02 55-03 57-02 57-03)  |2 msc2000 
010 |a  88014484  
040 |a DLC  |c DLC  |d DLC 
859 |h 01A60  |i D567  |p A-8297  |b BIB. MATEMATICA